Anglais voc amish - Statistiques

Statistiques générales
  • Ce quiz a été pris 22 fois
    18 depuis la dernière actualisation
  • Le résultat moyen est 19 sur 80
Statistiques - réponses
Hint Réponse % Correct
choix choice
86%
Amish Amish
71%
autorité authority
57%
dialecte dialect
57%
different different
57%
identité identity
57%
religion religion
57%
simplicité simplicity
57%
Baptiser baptise
43%
grange barn
43%
inderdit forbidden
43%
travailler dure hard-working
43%
humble humble
43%
restriction restriction
43%
tolérance acceptance
29%
autorisé =/ interdire allow, forbid
29%
approbation approval
29%
tablier apron
29%
croyance belief
29%
limite X2 boundary, limit
29%
corvée chores
29%
engagement commitment
29%
enracinée deeply-rooted
29%
dilemme dilemma
29%
renier disown
29%
ainé elders
29%
humilité humillity
29%
idéologie ideology
29%
insubordination insubordination
29%
(in)tolérance (in)tolerance
29%
labeur labor
29%
style de vie X2 lifestyle, way of life
29%
s'ouvrir a qqc open up to
29%
marginal (exclu) X2 pariah, outcast
29%
langue amish Pennsylvania Dutch
29%
religieux X2 pious, religious
29%
simple x2 plain, simple
29%
préjugé prejudice
29%
se rebeller contre=/ se soumettre à rebel against, submit to
29%
s'installer settle down
29%
viré shunned
29%
tentation temptation
29%
traditionnel traditional
29%
bannir X2 banish, ostracise
14%
pied nue barefeet
14%
appartenir a une communauté belong somewhere
14%
obéir au règle X2 comply, obey
14%
confort, commodité conveniences
14%
choc culturel X3 culture shock, gap, clash
14%
(de) approuver (dis)approve of
14%
désobéissance disobedience
14%
caleche horse-drawn buggy
14%
inclue =/ exclu included, excluded
14%
augmenter=/ diminuer increase, decline
14%
vivre sans électricité X2 live off the grid, live without electricity
14%
condition de vie living conditions
14%
perdre contacte avec lose touch with
14%
passer de mode X2 =/moderne old fashioned, outdated, modern
14%
étranger outsider
14%
Rebelle rebellious
14%
juste righteous
14%
virer=/accepter shun, accept
14%
socialiser socialize
14%
prospère X2 thriving, prosperous
14%
education upbringing
14%
valeur value
14%
fer a repasser en fonte cast iron
0%
essayer de nouvelles choses X2 dabble, to try things
0%
déterminer X2 determined, strong-willed
0%
réalise ses rêves fulfil one's dream, make one's dream come true
0%
vivre avec le stricte minimum live with the bare necessities
0%
se faire entendre make oneself heard
0%
preserver X2 preserve, maintain
0%
campagne X2 rural area, countryside
0%
conserver X2 stick to, preserve
0%
prendre les choses en main take matters into one's own hands
0%
prendre pour acquis take sth for granted, consider sth as normal
0%
partir de to get out
0%
en avoir eu assez X2 to have had enough, to be fed up
0%
s'estomper wear off, disappear slowly
0%
Aucun quiz correspondant
Distribution des résultats
% des personnes avec chaque résultat
Percentile par nombre de réponses
Votre historique - résultats
Vous n’avez pas pris ce quiz depuis la dernière actualisation